Reforma agraria y desarrollo económico / (Record no. 107764)

MARC details
000 -LEADER
campo de control de longitud fija 00447nam a2200157 4500
001 - NÚMERO DE CONTROL
campo de control 107764
003 - IDENTIFICADOR DE NÚMERO DE CONTROL
campo de control ES-MaACL
005 - FECHA Y HORA DE LA ÚLTIMA TRANSACCIÓN
campo de control 20230906184503.0
007 - CAMPO FIJO DE DESCRIPCIÓN FÍSICA--INFORMACIÓN GENERAL
campo de control de longitud fija t|
008 - DATOS DE LONGITUD FIJA--INFORMACIÓN GENERAL
campo de control de longitud fija 061121s1962 sp r ||||1| spa d
100 1# - ENTRADA PRINCIPAL--NOMBRE DE PERSONA
Nombre de persona Moreno de la Cova, Félix.
9 (RLIN) 83356
245 10 - MENCIÓN DEL TÍTULO
Título Reforma agraria y desarrollo económico /
Mención de responsabilidad, etc. Félix Moreno de la Cova.
260 ## - PUBLICACIÓN, DISTRIBUCIÓN, ETC.
Lugar de publicación, distribución, etc. [Sevilla :
Nombre del editor, distribuidor, etc. s.n.,
Fecha de publicación, distribución, etc. 1962]
300 ## - DESCRIPCIÓN FÍSICA
Extensión 45 p. ;
Dimensiones 16.
852 ## - LOCALIZACIÓN
Ubicación ES-MaACL
Número de control de estantería C-21503
Sublocalización o colección R.49879
Holdings
Estatus retirado Estado de pérdida Estado de daño No para préstamo Biblioteca de origen Biblioteca actual Ubicación en estantería Fecha de adquisición Fuente de adquisición Total de préstamos Signatura topográfica completa Código de barras Visto por última vez Precio de reemplazo Tipo de ítem Koha
        Biblioteca del Ateneo de Madrid Biblioteca del Ateneo de Madrid Galería 17/01/2008     C-21503 1112467 23/02/2023 23/02/2023 Libro impreso